| 000 | 01731nam a2200229Ia 4500 | ||
|---|---|---|---|
| 003 | Ost | ||
| 005 | 20260507075728.0 | ||
| 008 | 260507s9999||||xx |||||||||||||| ||und|| | ||
| 040 | _cfsecg | ||
| 041 | _aara | ||
| 082 | _a346.02 | ||
| 100 |
_aمحمود حوته، عادل ابوهشيمة _eمؤلف |
||
| 245 | 0 |
_aعقود خدمات المعلومات الالكترونية في القانون الدولي الخاص / _c عادل ابوهشيمة محمود حوته |
|
| 260 |
_aالقاهرة: _bدار النهضة, _c2004 |
||
| 300 |
_a417 صفحة؛ _c24 سم |
||
| 504 | _aبيبليوغرافيا : ص. 320 | ||
| 520 | _aماهية عقد خدمات المعلومات الدولية ، تحديد القانون الواجدب التطبيق على عقود خدمات المعلومات ، اعمال قاعدة قانون الارادة في عقود خدمات المعلومات ، تأثير اعتبارات حماية المستهلك على تحديد القانون الواجب التطبيق على عقود خدمات المعلومات تطبيق القواعد الموضوعية للتجارة الالكترونية على عقود خدمات المعلومات ، نطاق القانون الواجب التطبيق على عقود خدمات المعلومات وبعض المشكلات المجاورة ، مشكلات تكوين عقد خدمات المعلومات وأثاره ، المشكلات المرتبطة بعقود خدمات المعلومتات ، القضاء المختص بفض منازعات عقود خدمات المعلومات . | ||
| 653 | _aالعقود | ||
| 653 | _aالقانون الدولي الخاص | ||
| 653 | _aالمعلومات | ||
| 942 | _cكتاب | ||
| 999 |
_c46010 _d46010 |
||